[Event "2. Open Sant Adria de Besos 2018 - B"]
[Site "Sant Adria de Besos ESP"]
[Date "2018.08.14"]
[Round "6.14"]
[White "Esteban Lupianez, Jose Miguel"]
[Black "Hill Guell, Pau"]
[Result "0-1"]
[WhiteElo "1708"]
[BlackElo "1868"]
[PlyCount "70"]
[EventDate "2018.08.10"]
[EventType "swiss"]
[EventRounds "9"]
[EventCountry "ESP"]
[SourceTitle "Ajedrez en Madrid"]
[Source "lmi"]
[SourceDate "2018.08.10"]
[SourceVersion "1"]
[SourceVersionDate "2019.07.09"]
[SourceQuality "1"]

1. d4 Nf6 2. Nf3 d6 3. Bf4 g6 4. h3 Bg7 5. e3 c5 6. c3 Qb6 7. Qc1 Bf5 8. Nbd2
Nbd7 9. g4 Be4 10. Nxe4 Nxe4 11. Qc2 d5 12. Bd3 Nd6 13. O-O-O c4 14. Bf1 Nf6
15. Bg2 Qa6 16. Kb1 Nb5 17. a4 Nd6 18. Bxd6 Qxd6 19. Ne5 e6 20. f4 Rb8 21. g5
Nh5 22. Bf3 Ng3 23. Rhg1 Nf5 24. Rde1 Qa6 25. e4 dxe4 26. Qxe4 Qxa4 27. Nxf7
Kxf7 28. Qxe6+ Kf8 29. Bg4 Qb5 30. Bxf5 Qxf5+ 31. Qxf5+ gxf5 32. Re6 Kf7 33.
Rge1 Rhe8 34. d5 Rxe6 35. Rxe6 Rd8 0-1

[Event "2. Open Sant Adria de Besos 2018 - B"]
[Site "Sant Adria de Besos ESP"]
[Date "2018.08.15"]
[Round "7.1"]
[White "Hill Guell, Pau"]
[Black "Arroyo Vega, Valenti"]
[Result "1-0"]
[WhiteElo "1868"]
[BlackElo "1845"]
[PlyCount "53"]
[EventDate "2018.08.10"]
[EventType "swiss"]
[EventRounds "9"]
[EventCountry "ESP"]
[SourceTitle "Ajedrez en Madrid"]
[Source "lmi"]
[SourceDate "2018.08.10"]
[SourceVersion "1"]
[SourceVersionDate "2019.07.09"]
[SourceQuality "1"]

1. e4 c5 2. Nc3 e6 3. d3 Nc6 4. Be2 Nf6 5. Bg5 Be7 6. f4 h6 7. Bxf6 Bxf6 8. Nf3
d6 9. Qd2 Qa5 10. O-O O-O 11. g4 Nd4 12. g5 Nxf3+ 13. Bxf3 hxg5 14. e5 Be7 15.
exd6 Bxd6 16. fxg5 Be5 17. Qg2 Bxc3 18. bxc3 Qxc3 19. Be4 f5 20. gxf6 Rxf6 21.
Rab1 Rb8 22. Qg3 Ra8 23. Qh4 Qd4+ 24. Kg2 Rg6+ 25. Kh1 Rh6 26. Qe7 Bd7 27. Qf7+
1-0

[Event "2. Open Sant Adria de Besos 2018 - B"]
[Site "Sant Adria de Besos ESP"]
[Date "2018.08.15"]
[Round "7.2"]
[White "Nailer, Ali"]
[Black "Bes Alvarez, Alex"]
[Result "1-0"]
[WhiteElo "1782"]
[BlackElo "1834"]
[PlyCount "61"]
[EventDate "2018.08.10"]
[EventType "swiss"]
[EventRounds "9"]
[EventCountry "ESP"]
[SourceTitle "Ajedrez en Madrid"]
[Source "lmi"]
[SourceDate "2018.08.10"]
[SourceVersion "1"]
[SourceVersionDate "2019.07.09"]
[SourceQuality "1"]

1. c4 e5 2. g3 Nc6 3. Bg2 Bc5 4. Nc3 d6 5. Nf3 h6 6. a3 a6 7. b4 Ba7 8. O-O Nf6
9. d3 O-O 10. Bb2 Be6 11. Rc1 Qd7 12. Re1 Bh3 13. Bh1 Ng4 14. e3 f5 15. d4 f4
16. c5 fxg3 17. hxg3 Qf5 18. Qb3+ Kh8 19. Rc2 Qh5 20. Ne4 exd4 21. exd4 Rae8
22. d5 Nce5 23. Bxe5 Nxe5 24. Nxe5 Rxe5 25. Qc3 dxc5 26. Nxc5 Rg5 27. Ne6 Rxg3+
28. Qxg3 Bxe6 29. dxe6 Rf5 30. e7 Rg5 31. e8=Q+ 1-0

[Event "2. Open Sant Adria de Besos 2018 - B"]
[Site "Sant Adria de Besos ESP"]
[Date "2018.08.15"]
[Round "7.3"]
[White "Losada Ferriz, Joan Manel"]
[Black "Delgado Prada, Yeray"]
[Result "0-1"]
[WhiteElo "1827"]
[BlackElo "1867"]
[PlyCount "51"]
[EventDate "2018.08.10"]
[EventType "swiss"]
[EventRounds "9"]
[EventCountry "ESP"]
[SourceTitle "Ajedrez en Madrid"]
[Source "lmi"]
[SourceDate "2018.08.10"]
[SourceVersion "1"]
[SourceVersionDate "2019.07.09"]
[SourceQuality "1"]

1. e4 e6 2. d4 d5 3. Nc3 Nf6 4. Bg5 Be7 5. e5 Nfd7 6. Bxe7 Qxe7 7. Qd2 a6 8.
O-O-O c5 9. f4 c4 10. Nf3 b5 11. g4 Nb6 12. Be2 Nc6 13. Rdf1 b4 14. Nd1 Na4 15.
b3 Nb6 16. Ne3 c3 17. Qd3 a5 18. Qb5 Qc7 19. Qc5 Nd7 20. Qd6 Qxd6 21. exd6 Ba6
22. Re1 Bxe2 23. Rxe2 O-O 24. Rd1 h6 25. Ne5 Ncxe5 26. fxe5 0-1

[Event "2. Open Sant Adria de Besos 2018 - B"]
[Site "Sant Adria de Besos ESP"]
[Date "2018.08.15"]
[Round "7.4"]
[White "Low, Ethan"]
[Black "Molina Hernandez, Albert"]
[Result "0-1"]
[WhiteElo "1858"]
[BlackElo "1762"]
[PlyCount "104"]
[EventDate "2018.08.10"]
[EventType "swiss"]
[EventRounds "9"]
[EventCountry "ESP"]
[SourceTitle "Ajedrez en Madrid"]
[Source "lmi"]
[SourceDate "2018.08.10"]
[SourceVersion "1"]
[SourceVersionDate "2019.07.09"]
[SourceQuality "1"]

1. e4 c5 2. Nf3 Nc6 3. Bb5 e6 4. Bxc6 bxc6 5. d3 Be7 6. Qe2 Nf6 7. O-O d6 8.
Ne1 O-O 9. f4 e5 10. h3 Re8 11. Nc3 exf4 12. Bxf4 Nd7 13. Nf3 f6 14. Qd2 Ne5
15. Rad1 Ng6 16. Bg3 Ba6 17. h4 Qb6 18. b3 Rad8 19. h5 Ne5 20. Nxe5 dxe5 21.
Na4 Qb4 22. Be1 Bb5 23. Qc1 Qd4+ 24. Bf2 Qd7 25. Nxc5 Qg4 26. a4 Bxc5 27. Bxc5
Ba6 28. Rf5 Rd7 29. Rdf1 h6 30. Qe3 Ra8 31. Qf3 Qxf3 32. R1xf3 Rdd8 33. Rg3 Kh7
34. Rff3 Bc8 35. Kf2 Rd7 36. Ke2 Ba6 37. Kd2 Rb7 38. Kc3 Rd7 39. Rf2 Bc8 40.
Rh3 Rb7 41. Rh1 Be6 42. Kd2 Bf7 43. Rff1 a6 44. Re1 g6 45. hxg6+ Kxg6 46. b4 h5
47. Re2 Be6 48. Kc1 Rab8 49. c3 Rd7 50. Kd2 Rbd8 51. Re3 Bc4 52. Rg3+ Kf7 0-1

[Event "2. Open Sant Adria de Besos 2018 - B"]
[Site "Sant Adria de Besos ESP"]
[Date "2018.08.15"]
[Round "7.5"]
[White "Hovakimyan, Narek"]
[Black "Donas Perez, Emilio"]
[Result "1-0"]
[WhiteElo "1851"]
[BlackElo "1747"]
[PlyCount "77"]
[EventDate "2018.08.10"]
[EventType "swiss"]
[EventRounds "9"]
[EventCountry "ESP"]
[SourceTitle "Ajedrez en Madrid"]
[Source "lmi"]
[SourceDate "2018.08.10"]
[SourceVersion "1"]
[SourceVersionDate "2019.07.09"]
[SourceQuality "1"]

1. e4 Nf6 2. Nc3 d6 3. d4 g6 4. f3 Bg7 5. Be3 Nc6 6. Qd2 e5 7. d5 Nd4 8. Bxd4
exd4 9. Qxd4 O-O 10. Qd2 c5 11. Nge2 a6 12. Ng3 b5 13. Be2 Nd7 14. O-O Ne5 15.
f4 Nd7 16. Nd1 Re8 17. c3 Nf6 18. Bd3 Ng4 19. Nf2 Nf6 20. a3 Bd7 21. Rfe1 h5
22. Nf1 c4 23. Bc2 Qc7 24. Ng3 Bg4 25. Ne2 Bxe2 26. Rxe2 Re7 27. Rae1 Rae8 28.
e5 Nd7 29. e6 Nf6 30. f5 gxf5 31. Bxf5 Qc5 32. exf7+ Kxf7 33. Be6+ Kf8 34. Kf1
Rxe6 35. Rxe6 Rxe6 36. dxe6 Ke7 37. h3 Qf5 38. Qe3 Nd5 39. Qa7+ 1-0

[Event "2. Open Sant Adria de Besos 2018 - B"]
[Site "Sant Adria de Besos ESP"]
[Date "2018.08.15"]
[Round "7.7"]
[White "Clanchet Olle, Josep"]
[Black "Palomares Fite, Jordi"]
[Result "0-1"]
[WhiteElo "1696"]
[BlackElo "1882"]
[PlyCount "48"]
[EventDate "2018.08.10"]
[EventType "swiss"]
[EventRounds "9"]
[EventCountry "ESP"]
[SourceTitle "Ajedrez en Madrid"]
[Source "lmi"]
[SourceDate "2018.08.10"]
[SourceVersion "1"]
[SourceVersionDate "2019.07.09"]
[SourceQuality "1"]

1. e4 e5 2. Nf3 Nc6 3. Bc4 Nf6 4. d3 Bc5 5. Nc3 d6 6. Bg5 h6 7. Bh4 g5 8. Bg3
Na5 9. Bb3 Nxb3 10. axb3 a6 11. d4 exd4 12. Nxd4 Qe7 13. O-O O-O 14. Re1 Be6
15. e5 dxe5 16. Rxe5 Rad8 17. Nce2 Bxd4 18. Nxd4 c5 19. Qc1 Rxd4 20. Rxg5+ hxg5
21. Qxg5+ Kh7 22. Be5 Rg8 23. Bxf6 Rxg5 24. Bxe7 Rgd5 0-1

[Event "2. Open Sant Adria de Besos 2018 - B"]
[Site "Sant Adria de Besos ESP"]
[Date "2018.08.15"]
[Round "7.8"]
[White "Flores Linan, Jose Luis"]
[Black "Vives Cabau, Jordi"]
[Result "0-1"]
[WhiteElo "1833"]
[BlackElo "1845"]
[PlyCount "63"]
[EventDate "2018.08.10"]
[EventType "swiss"]
[EventRounds "9"]
[EventCountry "ESP"]
[SourceTitle "Ajedrez en Madrid"]
[Source "lmi"]
[SourceDate "2018.08.10"]
[SourceVersion "1"]
[SourceVersionDate "2019.07.09"]
[SourceQuality "1"]

1. d4 f5 2. Bg5 c5 3. e3 Qb6 4. b3 cxd4 5. Qxd4 Qxd4 6. exd4 Nc6 7. Nf3 h6 8.
Bf4 g5 9. Be5 Nxe5 10. Nxe5 Bg7 11. Ng6 Rh7 12. Bd3 e6 13. Ne5 d6 14. Bb5+ Ke7
15. Nf3 g4 16. Nh4 Bxd4 17. c3 Bf6 18. Ng6+ Kf7 19. Nf4 a6 20. Bd3 Bd7 21. h3
Be5 22. Nh5 gxh3 23. Rxh3 Ne7 24. f4 Bh8 25. a4 Bc6 26. Ra2 Rg8 27. g3 Bf3 28.
Rah2 Bxh5 29. Rxh5 Rxg3 30. Rxh6 Rxh6 31. Rxh6 Bg7 32. Bxa6 0-1

[Event "2. Open Sant Adria de Besos 2018 - B"]
[Site "Sant Adria de Besos ESP"]
[Date "2018.08.15"]
[Round "7.9"]
[White "Castellon Baeza, Jose Felipe"]
[Black "Farre Buil, Carles"]
[Result "1/2-1/2"]
[WhiteElo "1836"]
[BlackElo "1827"]
[PlyCount "60"]
[EventDate "2018.08.10"]
[EventType "swiss"]
[EventRounds "9"]
[EventCountry "ESP"]
[SourceTitle "Ajedrez en Madrid"]
[Source "lmi"]
[SourceDate "2018.08.10"]
[SourceVersion "1"]
[SourceVersionDate "2019.07.09"]
[SourceQuality "1"]

1. c4 Nf6 2. Nc3 g6 3. e4 d6 4. d4 Bg7 5. Nf3 O-O 6. Be2 c5 7. d5 Na6 8. O-O
Nc7 9. Rb1 Nh5 10. Ne1 Bxc3 11. bxc3 Ng7 12. f4 e5 13. fxe5 dxe5 14. Nd3 Qd6
15. Bh6 f6 16. Rf3 b6 17. Rg3 Rf7 18. Nf2 Nce8 19. Qd2 Qe7 20. Rf1 Nd6 21. Bd3
Nge8 22. h4 Bd7 23. Ng4 Bxg4 24. Rxg4 Kh8 25. Qf2 Nc7 26. Rg3 Rg8 27. Rf3 Nce8
28. g4 f5 29. Bg5 Qf8 30. Bc1 f4 1/2-1/2

[Event "2. Open Sant Adria de Besos 2018 - B"]
[Site "Sant Adria de Besos ESP"]
[Date "2018.08.15"]
[Round "7.10"]
[White "Martinez Buendia, Andres"]
[Black "Ji, Pablo"]
[Result "1-0"]
[WhiteElo "1769"]
[BlackElo "1783"]
[PlyCount "151"]
[EventDate "2018.08.10"]
[EventType "swiss"]
[EventRounds "9"]
[EventCountry "ESP"]
[SourceTitle "Ajedrez en Madrid"]
[Source "lmi"]
[SourceDate "2018.08.10"]
[SourceVersion "1"]
[SourceVersionDate "2019.07.09"]
[SourceQuality "1"]

1. e4 c5 2. Nf3 d6 3. d4 cxd4 4. Nxd4 Nf6 5. Nc3 g6 6. f3 Bg7 7. Be3 O-O 8. Qd2
Nc6 9. O-O-O Bd7 10. g4 h5 11. gxh5 Nxh5 12. Nce2 Rc8 13. Ng3 Nf6 14. Kb1 Ne5
15. h4 Qb6 16. Ndf5 Nxf3 17. Nxe7+ Kh7 18. Bxb6 Nxd2+ 19. Rxd2 Rce8 20. Bxa7
Rxe7 21. h5 g5 22. Bd3 Kh6 23. Bd4 Rfe8 24. Rf1 Ng4 25. Bxg7+ Kxg7 26. Be2 Nf6
27. h6+ Kg6 28. Bd3 Re5 29. Rdf2 R8e6 30. h7 Nxh7 31. Rxf7 Nf6 32. R1xf6+ Rxf6
33. Rxd7 g4 34. Be2 Kg5 35. Rg7+ Rg6 36. Rxg6+ Kxg6 37. Bxg4 Rg5 38. Bf5+ Kf6
39. Ne2 d5 40. b3 Ke5 41. Nc3 dxe4 42. Bxe4 Kd4 43. Kb2 b6 44. Bd3 Ra5 45. a4
Kc5 46. Ka3 Ra7 47. b4+ Kc6 48. Kb3 Rg7 49. Bb5+ Kb7 50. Nb1 Rh7 51. Na3 Rh3+
52. c3 Rg3 53. Nc4 Rh3 54. a5 bxa5 55. Nxa5+ Kb6 56. Bd7 Rh7 57. Be6 Rh6 58.
Nc4+ Kc6 59. Bg4 Rh4 60. Bf3+ Kb5 61. Nd2 Rh3 62. c4+ Kb6 63. Kc3 Rh4 64. c5+
Kb5 65. Be2+ Kc6 66. Ne4 Rh3+ 67. Bd3 Rh4 68. Kd4 Rh5 69. b5+ Kc7 70. Bc4 Rh1
71. b6+ Kb8 72. c6 Rh3 73. Ba6 Ka8 74. Bc4 Ra3 75. Bd5 Ra4+ 76. Ke5 1-0

[Event "2. Open Sant Adria de Besos 2018 - B"]
[Site "Sant Adria de Besos ESP"]
[Date "2018.08.15"]
[Round "8.1"]
[White "Nailer, Ali"]
[Black "Hill Guell, Pau"]
[Result "1/2-1/2"]
[WhiteElo "1782"]
[BlackElo "1868"]
[PlyCount "97"]
[EventDate "2018.08.10"]
[EventType "swiss"]
[EventRounds "9"]
[EventCountry "ESP"]
[SourceTitle "Ajedrez en Madrid"]
[Source "lmi"]
[SourceDate "2018.08.10"]
[SourceVersion "1"]
[SourceVersionDate "2019.07.09"]
[SourceQuality "1"]

1. c4 Nf6 2. g3 g6 3. Bg2 Bg7 4. Nf3 d6 5. O-O O-O 6. Nc3 c6 7. d3 Na6 8. Rb1
Bd7 9. b4 Qc8 10. Re1 Nc7 11. a4 Nfd5 12. Nxd5 cxd5 13. Bb2 Bh6 14. e3 Bh3 15.
Bh1 Bg4 16. Qb3 dxc4 17. Qxc4 Be6 18. Qh4 Bg7 19. Bxg7 Kxg7 20. Qxe7 Rd8 21.
Rec1 Rd7 22. Qh4 Qe8 23. Ng5 h6 24. Qd4+ f6 25. Nxe6+ Nxe6 26. Qd5 Rad8 27. Rc4
Re7 28. Rbc1 Qxa4 29. Qa5 Qxa5 30. bxa5 Nc5 31. R1c3 f5 32. d4 Ne4 33. Bxe4
fxe4 34. d5 Kf6 35. Rd4 h5 36. Rcc4 Rde8 37. h3 Kf5 38. Kg2 g5 39. a6 g4 40.
axb7 Rxb7 41. Rc6 Ke5 42. Ra6 Ree7 43. Raa4 Kf5 44. Rac4 a5 45. Rc6 Ke5 46.
Rcc4 Kf5 47. Rc8 Ra7 48. Rcc4 Rab7 49. Rc6 1/2-1/2

[Event "2. Open Sant Adria de Besos 2018 - B"]
[Site "Sant Adria de Besos ESP"]
[Date "2018.08.15"]
[Round "8.2"]
[White "Delgado Prada, Yeray"]
[Black "Hovakimyan, Narek"]
[Result "0-1"]
[WhiteElo "1867"]
[BlackElo "1851"]
[PlyCount "101"]
[EventDate "2018.08.10"]
[EventType "swiss"]
[EventRounds "9"]
[EventCountry "ESP"]
[SourceTitle "Ajedrez en Madrid"]
[Source "lmi"]
[SourceDate "2018.08.10"]
[SourceVersion "1"]
[SourceVersionDate "2019.07.09"]
[SourceQuality "1"]

1. e4 c6 2. d4 d5 3. Nc3 dxe4 4. Nxe4 Nf6 5. Ng3 Bg4 6. N1e2 e6 7. Bg5 Qa5+ 8.
Bd2 Qc7 9. h3 Bxe2 10. Qxe2 Nbd7 11. O-O-O Bd6 12. Qf3 O-O-O 13. Kb1 h6 14. c4
Rhe8 15. Bd3 c5 16. Rc1 Kb8 17. b4 cxd4 18. c5 Bxg3 19. fxg3 Ne5 20. Bf4 Nxf3
21. Bxc7+ Kxc7 22. gxf3 Nd5 23. a3 e5 24. Rhe1 Ne3 25. c6 b6 26. g4 g6 27. Rg1
Nd5 28. Bc4 Re7 29. Bxd5 Rxd5 30. Rge1 f5 31. Rc4 Re6 32. gxf5 gxf5 33. Rg1
Rxc6 34. Rg7+ Rd7 35. Rxc6+ Kxc6 36. Rg6+ Rd6 37. Rg7 a5 38. bxa5 bxa5 39. Rf7
f4 40. Kc2 Kd5 41. Kd3 Rb6 42. Rd7+ Ke6 43. Rh7 Rb3+ 44. Ke2 Re3+ 45. Kf2 Rxa3
46. Rxh6+ Kd5 47. Rh8 Ra2+ 48. Ke1 d3 49. h4 Kd4 50. Re8 Rh2 51. Ra8 0-1

[Event "2. Open Sant Adria de Besos 2018 - B"]
[Site "Sant Adria de Besos ESP"]
[Date "2018.08.15"]
[Round "8.3"]
[White "Molina Hernandez, Albert"]
[Black "Martinez Buendia, Andres"]
[Result "0-1"]
[WhiteElo "1762"]
[BlackElo "1769"]
[PlyCount "108"]
[EventDate "2018.08.10"]
[EventType "swiss"]
[EventRounds "9"]
[EventCountry "ESP"]
[SourceTitle "Ajedrez en Madrid"]
[Source "lmi"]
[SourceDate "2018.08.10"]
[SourceVersion "1"]
[SourceVersionDate "2019.07.09"]
[SourceQuality "1"]

1. e4 c5 2. Nf3 d6 3. d4 cxd4 4. Nxd4 Nf6 5. Nc3 a6 6. a4 e5 7. Nb3 Be6 8. Be2
d5 9. exd5 Nxd5 10. Nxd5 Qxd5 11. Nd2 Nc6 12. O-O Bc5 13. c3 O-O 14. Bc4 Qd7
15. Bxe6 Qxe6 16. Ne4 Be7 17. Be3 Rad8 18. Qe2 Rd5 19. Rad1 Rfd8 20. Rxd5 Qxd5
21. f3 f5 22. Nf2 Qb3 23. Ra1 f4 24. Bc1 Bc5 25. g3 Qd1+ 26. Qxd1 Rxd1+ 27. Kg2
Bxf2 28. Kxf2 Na5 29. b3 Nxb3 30. Rb1 Nxc1 31. Rxb7 Rd2+ 32. Ke1 Rxh2 33. gxf4
exf4 34. Rb8+ Kf7 35. Rb7+ Kg6 36. Rb6+ Kh5 37. Rxa6 Nd3+ 38. Kd1 g5 39. a5 g4
40. Ra7 h6 41. fxg4+ Kxg4 42. Rg7+ Kf3 43. a6 Ra2 44. a7 h5 45. Rd7 Nc5 46. Rh7
Kg4 47. Rg7+ Kh4 48. Re7 Nd3 49. Rf7 Kg3 50. Rg7+ Kf2 51. Rh7 Ra5 52. Rxh5 Rxa7
53. Kd2 Rd7 54. Rh2+ Kg3 0-1

[Event "2. Open Sant Adria de Besos 2018 - B"]
[Site "Sant Adria de Besos ESP"]
[Date "2018.08.15"]
[Round "8.4"]
[White "Palomares Fite, Jordi"]
[Black "Duquesne, Julien"]
[Result "1/2-1/2"]
[WhiteElo "1882"]
[BlackElo "1816"]
[PlyCount "76"]
[EventDate "2018.08.10"]
[EventType "swiss"]
[EventRounds "9"]
[EventCountry "ESP"]
[SourceTitle "Ajedrez en Madrid"]
[Source "lmi"]
[SourceDate "2018.08.10"]
[SourceVersion "1"]
[SourceVersionDate "2019.07.09"]
[SourceQuality "1"]

1. e4 e5 2. Nf3 Nc6 3. Bb5 a6 4. Ba4 Nf6 5. O-O b5 6. Bb3 Be7 7. Re1 O-O 8. a4
Bb7 9. d3 d6 10. axb5 axb5 11. Rxa8 Bxa8 12. Nbd2 Na5 13. Ba2 c5 14. c3 Qc7 15.
Nf1 c4 16. Ne3 g6 17. dxc4 bxc4 18. Nd2 Nxe4 19. Nxe4 Bxe4 20. Nxc4 Bc6 21. Ne3
Nb7 22. Nd5 Qd7 23. Nxe7+ Qxe7 24. Bd5 Rc8 25. Bxc6 Rxc6 26. Be3 Nc5 27. Qd5
Rc8 28. Rd1 Na4 29. Qb5 Nc5 30. Bxc5 dxc5 31. b3 Qa7 32. h3 Rb8 33. Qc4 Qa3 34.
Rd5 Rxb3 35. Rxc5 Qa2 36. Qd5 Rb1+ 37. Kh2 Qxd5 38. Rxd5 Rc1 1/2-1/2

[Event "2. Open Sant Adria de Besos 2018 - B"]
[Site "Sant Adria de Besos ESP"]
[Date "2018.08.15"]
[Round "8.5"]
[White "Arroyo Vega, Valenti"]
[Black "Losada Ferriz, Joan Manel"]
[Result "1/2-1/2"]
[WhiteElo "1845"]
[BlackElo "1827"]
[PlyCount "39"]
[EventDate "2018.08.10"]
[EventType "swiss"]
[EventRounds "9"]
[EventCountry "ESP"]
[SourceTitle "Ajedrez en Madrid"]
[Source "lmi"]
[SourceDate "2018.08.10"]
[SourceVersion "1"]
[SourceVersionDate "2019.07.09"]
[SourceQuality "1"]

1. d4 d5 2. Bf4 Nf6 3. e3 Bf5 4. Nd2 Nbd7 5. h3 e6 6. Ngf3 Bd6 7. Ne5 O-O 8. c4
dxc4 9. Bxc4 Nb6 10. Bb3 Ne4 11. O-O Nd5 12. Nxe4 Bxe4 13. Bh2 Qg5 14. Qg4 Qxg4
15. hxg4 Nb6 16. Rfc1 Rac8 17. Nc4 Bxh2+ 18. Kxh2 Nxc4 19. Rxc4 Rfe8 20. Rac1
1/2-1/2

[Event "2. Open Sant Adria de Besos 2018 - B"]
[Site "Sant Adria de Besos ESP"]
[Date "2018.08.15"]
[Round "8.6"]
[White "Vives Cabau, Jordi"]
[Black "Onyango, Adia"]
[Result "0-1"]
[WhiteElo "1845"]
[BlackElo "1741"]
[PlyCount "130"]
[EventDate "2018.08.10"]
[EventType "swiss"]
[EventRounds "9"]
[EventCountry "ESP"]
[SourceTitle "Ajedrez en Madrid"]
[Source "lmi"]
[SourceDate "2018.08.10"]
[SourceVersion "1"]
[SourceVersionDate "2019.07.09"]
[SourceQuality "1"]

1. f4 d5 2. e3 c5 3. b3 Nc6 4. Bb2 Nf6 5. Bb5 Bd7 6. Nf3 a6 7. Bxc6 Bxc6 8. Ne5
Bb5 9. a4 Bd7 10. Nxd7 Qxd7 11. Qf3 g6 12. O-O Bg7 13. Be5 e6 14. d3 O-O 15.
Nd2 b5 16. Rfd1 Rfc8 17. c4 Qb7 18. Rdb1 Qb6 19. Ra2 Qc6 20. Rba1 bxc4 21. bxc4
Nd7 22. Bxg7 Kxg7 23. e4 d4 24. Qg3 f6 25. h4 e5 26. f5 Rg8 27. a5 Kf7 28. Qf3
Rg7 29. Qh3 gxf5 30. Qxf5 Qe6 31. Qxe6+ Kxe6 32. Rb1 Rag8 33. Nf3 Kd6 34. Rb7
Kc6 35. Ra7 Nb8 36. Rxg7 Rxg7 37. Rb2 Rb7 38. Rxb7 Kxb7 39. g4 Nc6 40. g5 fxg5
41. hxg5 Kc7 42. Kf2 Kd6 43. Kg3 Nxa5 44. Kg4 Nxc4 45. dxc4 a5 46. Nd2 a4 47.
Nb1 d3 48. Kf3 Ke6 49. Ke3 Kf7 50. Kxd3 Kg6 51. Nd2 Kxg5 52. Nb1 Kf4 53. Nc3 a3
54. Kc2 Ke3 55. Kb3 Kd3 56. Nd1 Kxe4 57. Kxa3 Kf3 58. Kb3 e4 59. Kc2 e3 60. Nc3
h5 61. Kd1 Kf2 62. Ne2 h4 63. Nf4 Kf1 64. Ne2 h3 65. Ng3+ Kg2 0-1

[Event "2. Open Sant Adria de Besos 2018 - B"]
[Site "Sant Adria de Besos ESP"]
[Date "2018.08.15"]
[Round "8.8"]
[White "Peiron Lluch, Jose Daniel"]
[Black "Terrones Hernandez, Jonathan"]
[Result "1/2-1/2"]
[WhiteElo "1805"]
[BlackElo "1841"]
[PlyCount "30"]
[EventDate "2018.08.10"]
[EventType "swiss"]
[EventRounds "9"]
[EventCountry "ESP"]
[SourceTitle "Ajedrez en Madrid"]
[Source "lmi"]
[SourceDate "2018.08.10"]
[SourceVersion "1"]
[SourceVersionDate "2019.07.09"]
[SourceQuality "1"]

1. d4 d5 2. e3 Nf6 3. Bd3 e6 4. f4 b6 5. Nd2 Bb7 6. c3 Bd6 7. Ngf3 Nbd7 8. O-O
O-O 9. Ne5 Ne4 10. Nxe4 dxe4 11. Be2 Qe7 12. Bd2 Rad8 13. Nc4 f5 14. Nxd6 cxd6
15. Qa4 Ra8 1/2-1/2

[Event "2. Open Sant Adria de Besos 2018 - B"]
[Site "Sant Adria de Besos ESP"]
[Date "2018.08.15"]
[Round "8.10"]
[White "Farre Buil, Carles"]
[Black "Poyato Duran, David"]
[Result "1/2-1/2"]
[WhiteElo "1827"]
[BlackElo "1799"]
[PlyCount "54"]
[EventDate "2018.08.10"]
[EventType "swiss"]
[EventRounds "9"]
[EventCountry "ESP"]
[SourceTitle "Ajedrez en Madrid"]
[Source "lmi"]
[SourceDate "2018.08.10"]
[SourceVersion "1"]
[SourceVersionDate "2019.07.09"]
[SourceQuality "1"]

1. e4 c5 2. Nc3 d6 3. g3 Nc6 4. Bg2 g6 5. Nge2 Bg7 6. O-O Nf6 7. d3 O-O 8. h3
Bd7 9. f4 Qc8 10. Kh2 a6 11. Be3 e5 12. Qd2 b5 13. Ng1 b4 14. Nd5 Nxd5 15. exd5
Nd4 16. c3 Nf5 17. Bf2 exf4 18. gxf4 a5 19. Rac1 Qb7 20. Ne2 a4 21. d4 bxc3 22.
bxc3 c4 23. Rb1 Qa6 24. Rb4 Rab8 25. Rfb1 Rb5 26. Rxb5 Bxb5 27. a3 Bd7 1/2-1/2

[Event "2. Open Sant Adria de Besos 2018 - B"]
[Site "Sant Adria de Besos ESP"]
[Date "2018.08.15"]
[Round "8.11"]
[White "Rocher Gonzalez, Vicenc"]
[Black "Salazar Navas, Josep"]
[Result "1-0"]
[WhiteElo "1809"]
[BlackElo "1642"]
[PlyCount "45"]
[EventDate "2018.08.10"]
[EventType "swiss"]
[EventRounds "9"]
[EventCountry "ESP"]
[SourceTitle "Ajedrez en Madrid"]
[Source "lmi"]
[SourceDate "2018.08.10"]
[SourceVersion "1"]
[SourceVersionDate "2019.07.09"]
[SourceQuality "1"]

1. c4 e5 2. Nc3 Nc6 3. g3 g6 4. Bg2 Bg7 5. Rb1 d6 6. b4 f5 7. b5 Nce7 8. d3 Rb8
9. Qa4 Ra8 10. Bd2 Nf6 11. b6+ Bd7 12. bxc7 Qc8 13. Qb4 Qxc7 14. Nb5 Bxb5 15.
Qxb5+ Kf7 16. Qxb7 Qc5 17. Bb4 Qd4 18. Nf3 Qb6 19. Qxb6 axb6 20. Nxe5+ Ke6 21.
Bxa8 Rxa8 22. Nf3 Rxa2 23. O-O 1-0

[Event "2. Open Sant Adria de Besos 2018 - B"]
[Site "Sant Adria de Besos ESP"]
[Date "2018.08.15"]
[Round "8.12"]
[White "Costa Trave, Jaume"]
[Black "Flores Linan, Jose Luis"]
[Result "1-0"]
[WhiteElo "1791"]
[BlackElo "1833"]
[PlyCount "82"]
[EventDate "2018.08.10"]
[EventType "swiss"]
[EventRounds "9"]
[EventCountry "ESP"]
[SourceTitle "Ajedrez en Madrid"]
[Source "lmi"]
[SourceDate "2018.08.10"]
[SourceVersion "1"]
[SourceVersionDate "2019.07.09"]
[SourceQuality "1"]

1. f4 g6 2. e4 d6 3. d4 Bg7 4. c4 Nf6 5. Nc3 O-O 6. e5 Ne8 7. Nf3 Nd7 8. Bd3 c5
9. Be3 cxd4 10. Bxd4 Nc5 11. Bc2 Be6 12. b3 Rc8 13. O-O f5 14. Ng5 Nc7 15. Qf3
h6 16. Nh3 N7a6 17. Rad1 Qc7 18. Nb5 Qc6 19. Qg3 Qe8 20. Nxa7 Ra8 21. Nb5 Bd7
22. a4 Nb4 23. Bb1 Bxb5 24. cxb5 Qf7 25. Bxc5 dxc5 26. Rfe1 Rfd8 27. Qc3 b6 28.
Nf2 e6 29. Bd3 Rd7 30. Bc4 Rad8 31. Rxd7 Rxd7 32. Rd1 g5 33. g3 gxf4 34. gxf4
Rxd1+ 35. Nxd1 Nd5 36. Qf3 Qd7 37. Ne3 Nb4 38. Nxf5 Kf8 39. Nd6 Nc2 40. Qa8+
Ke7 41. Qg8 Bxe5 1-0

[Event "2. Open Sant Adria de Besos 2018 - B"]
[Site "Sant Adria de Besos ESP"]
[Date "2018.08.15"]
[Round "8.13"]
[White "Ji, Pablo"]
[Black "Martin Sanchez, Antoni"]
[Result "1-0"]
[WhiteElo "1783"]
[BlackElo "1535"]
[PlyCount "49"]
[EventDate "2018.08.10"]
[EventType "swiss"]
[EventRounds "9"]
[EventCountry "ESP"]
[SourceTitle "Ajedrez en Madrid"]
[Source "lmi"]
[SourceDate "2018.08.10"]
[SourceVersion "1"]
[SourceVersionDate "2019.07.09"]
[SourceQuality "1"]

1. e4 d6 2. d4 e6 3. Nc3 c6 4. Nf3 Ne7 5. Be2 d5 6. exd5 Nxd5 7. Nxd5 exd5 8.
O-O Bd6 9. Bg5 Qc7 10. Bd3 O-O 11. Re1 Bg4 12. h3 Bh5 13. c4 dxc4 14. Bxc4 Nd7
15. Qb3 Nb6 16. Re3 Nxc4 17. Qxc4 Bf4 18. Bxf4 Qxf4 19. Qc5 Bg6 20. Rae1 Qf5
21. Qb4 b6 22. Qe7 Qd5 23. Qb7 Qxa2 24. Qxa8 Rxa8 25. Re8+ 1-0